000 00291nam a2200121Ia 4500
008 140130s9999 xx 000 0 und d
245 _cWoods, Jackie
_aTrapped in a video game
260 _bScholastic,
_c2006
440 _v1
521 _aGrade 1 - Grade 2
942 _cBK
999 _c40317
_d40317